000 00266nam a2200133Ia 4500
100 _aDavis/Fred
942 _cBK
654 _aWindows
245 _aWindows 3.1. Bible
260 _bGalgotia
_aNew Delhi
_c1993
300 _a1128
546 _aENGLISH
999 _c29883
_d29883